000 01446cam a2200277 4500
001 ABS64882
008 020109n2001 000 0 eng u
035 _a(Sirsi) u116206
100 _aQuinn, D.
245 _aPositive thinking
260 _c2001
490 _aEstates Gazette
_v(0150) 15 December 2001, 62-64(2)
520 _aFocus on office market in 2002. Main concern is about the threat of an economic downturn with some areas notably the south-east suffering lowered growth in the last quarters of the year. However some areas such as Glasgow are not as badly affected with some agents here possibly facing undersupply in 2002. Many developments in the North of England are continuing with various office schemes still being built such as in Liverpool and Sheffield. Some analysts are less optimistic about prospects for the south-east and the possibility that vacant stock may begin to affect rents. With tables including annual office rental growth during 2001 and quarterly take up rates in the south-east.
590 _aABS
650 _aPROPERTY-COMMERCIAL PROPERTY-OFFICE PROPERTY-OFFICE PROPERTY MARKET
650 _aMANAGING AGENTS
650 _aECONOMY
650 _aSOUTH EAST
650 _aLONDON
650 _aGLASGOW
650 _aRENTAL GROWTH
650 _aOFFICE TAKE-UP
650 _aMANAGEMENT-BUSINESS MANAGEMENT
690 _aPROPERTY-COMMERCIAL PROPERTY-COMMERCIAL PROPERTY MARKET
942 _n0
999 _c69227
_d69227